| 000 | 00748nam a22002177a 4500 | ||
|---|---|---|---|
| 005 | 20130911111218.0 | ||
| 010 | _aENG-108403 | ||
| 020 |
_c3295.00 _a9788180389252 |
||
| 035 | _aEN-91936 | ||
| 037 | _bDBAD/PUB | ||
| 082 | _a346.54088 | ||
| 100 | _aKailasam, K.C. | ||
| 245 | 0 | 0 |
_aLaw of trade marks : _cby K.C. Kailasam [and] Ramu Vedaraman _bincluding international registration under Madrid protocol & geographical indications / |
| 250 | _a3rd ed | ||
| 260 |
_aGurgaon _bLexisNexis _c2013 |
||
| 270 |
_a14th floor, Building No 10, Tower-B, DLF Cyber City, Phase-II , _bGurgaon _e122002 |
||
| 300 |
_acxxxi,2012p. _c25cm(Hb) |
||
| 500 | _aIncludes index | ||
| 700 | _aVedaraman, Ramu | ||
| 942 |
_2ddc _cEN _mKAI _h346.54088 |
||
| 999 |
_c78947 _d78947 |
||